une question pour des em'iens - Statistiques

Statistiques générales
  • Ce quiz a été pris 12 fois
  • Le résultat moyen est 14 sur 16
Statistiques - réponses
Par images Réponse % Correct
barcelone
100%
bilbao
100%
boston
100%
casa
100%
dakar
100%
dubai
100%
dublin
100%
istanbul
100%
lima
100%
oxford
100%
santiago
100%
madrid
83%
seville
83%
L.A
67%
curitiba
50%
daejeon
50%
Aucun quiz correspondant
Distribution des résultats
% des personnes avec chaque résultat
Percentile par nombre de réponses
Votre historique - résultats
Vous n’avez pas pris ce quiz